000 00654nam a2200229 a 4500
999 _c2225
_d2225
001 2225
003 BD-JhCC
005 20171031101719.0
008 171031s2010 bg |||| ||a| 000 0 ben d
020 _a9847013800781
035 _a(BD-JhCC)2225
040 _aBD-JhCC
_dBD-JhCC
041 _aben
082 _a780.88294
_bHAQ 2010
100 _aহক, মফিদুল
245 _aলালনকে কে বাঁচাবে /
_cমফিদুল হক,
260 _aঢাকা :
_bবিদ্যাপ্রকাশ,
_c2010
300 _a175 p. :
_c22 cm.
650 _aLalon Shah
_xFlokmusic
942 _2ddc
_cBK